Eminent historians : (Record no. 54565)

MARC details
000 -LEADER
fixed length control field 02562nam a22003257a 4500
005 - DATE AND TIME OF LATEST TRANSACTION
control field 20110729151956.0
010 ## - LCCN (DPL NO)
LC control number B-441422-430
020 ## - INTERNATIONAL STANDARD BOOK NUMBER
International Standard Book Number 812910489X
Terms of availability 395.00
035 ## - SYSTEM CONTROL NUMBER
System control number B-441422-430
037 ## - SOURCE OF ACQUISITION
Source of stock number/acquisition Allied Pub/Ven
082 00 - DEWEY DECIMAL CLASSIFICATION NUMBER
Classification number 954.0072
Edition number 21
100 1# - MAIN ENTRY--PERSONAL NAME
Personal name Shourie, Arun.
245 10 - TITLE STATEMENT
Title Eminent historians :
Remainder of title their technology, their life, their fraud /
Statement of responsibility, etc Arun Shourie.
260 ## - PUBLICATION, DISTRIBUTION, ETC. (IMPRINT)
Place of publication, distribution, etc [New Delhi] :
Name of publisher, distributor, etc Rupa & Co.
Date of publication, distribution, etc 2007.
270 ## - ADDRESS
Address 7/16, Ansari Road, Daryaganj
City New Delhi
Postal code 110002
300 ## - PHYSICAL DESCRIPTION
Extent xii, 271 p. ;
Dimensions 22 cm. (Pbk)
500 ## - GENERAL NOTE
General note Includes bibliographical references and index.
942 ## - ADDED ENTRY ELEMENTS (KOHA)
Source of classification or shelving scheme Dewey Decimal Classification
Item type English Books
Classification part 954.0072
Call number suffix SHO
Holdings
Withdrawn status Lost status Not for loan Collection code Home library Current library Date acquired Source of acquisition Cost, normal purchase price Full call number Barcode Copy number Cost, replacement price Koha item type
      Non-fiction Central Library Central Library 04/08/2011 Allied/DE/2011/CR/0000149/27.4.11/85/24.3.11/10.6.11 395.00 954.0072 SHO B-441422 1 395.00 English Books
      Non-fiction Janak Puri Janak Puri 04/08/2011 Allied/DE/2011/CR/0000149/27.4.11/85/24.3.11/10.6.11 395.00 954.0072 SHO B-441424 1 395.00 English Books
      Non-fiction Karol Bagh Karol Bagh 04/08/2011 Allied/DE/2011/CR/0000149/27.4.11/85/24.3.11/10.6.11 395.00 954.0072 SHO B-441427 1 395.00 English Books
      Non-fiction Narela Narela 04/08/2011 Allied/DE/2011/CR/0000149/27.4.11/85/24.3.11/10.6.11 395.00 954.0072 SHO B-441428 1 395.00 English Books
      Non-fiction Patel Nagar Patel Nagar 04/08/2011 Allied/DE/2011/CR/0000149/27.4.11/85/24.3.11/10.6.11 395.00 954.0072 SHO B-441423 1 395.00 English Books
      Non-fiction Sarojini Nagar Sarojini Nagar 04/08/2011 Allied/DE/2011/CR/0000149/27.4.11/85/24.3.11/10.6.11 395.00 954.0072 SHO B-441425 1 395.00 English Books
      Non-fiction Shahdara Branch Shahdara Branch 04/08/2011 Allied/DE/2011/CR/0000149/27.4.11/85/24.3.11/10.6.11 395.00 954.0072 SHO B-441429 1 395.00 English Books
      Non-fiction Vigyan Vihar Vigyan Vihar 04/08/2011 Allied/DE/2011/CR/0000149/27.4.11/85/24.3.11/10.6.11 395.00 954.0072 SHO B-441430 1 395.00 English Books
      Non-fiction Vinoba Puri Vinoba Puri 04/08/2011 Allied/DE/2011/CR/0000149/27.4.11/85/24.3.11/10.6.11 395.00 954.0072 SHO B-441426 1 395.00 English Books

© Delhi Public Library
Hit Counter
free hit counter